Serie A 24/25 - nagła śmierć - Statystyki

Ogólne statystyki
  • Ten quiz został rozwiązany 893 razy
    888 od ostatniego zresetowania
  • Średni wynik to 12 z 20
Answers on the Grid
Answers color-coded by a green-red scale on the quiz's grid according to % correct below.
Genoa
US Catanzaro
Atalanta
Udinese
Palermo
Sampdoria
Frosinone
Hellas Verona
Napoli
Bologna
AC Reggiana
Cittadella
Pisa SC
Inter
Cesena FC
Torino
Roma
Lecce
Sassuolo
Lazio
Cremonese
Brescia
Como
Salernitana
Empoli
Juventus
Modena
SS Juve Stabia
Parma
FC Südtirol
Fiorentina
Milan
Carrarese
Cagliari
Spezia
Bari
Venezia
Cosenza
Monza
Mantova
 
Statystyki odpowiedzi
Odpowiedź % Poprawnych
Atalanta
86%
Napoli
77%
Inter
73%
Udinese
73%
Roma
72%
Genoa
70%
Lazio
68%
Bologna
67%
Juventus
65%
Milan
64%
Torino
63%
Fiorentina
57%
Hellas Verona
53%
Como
51%
Lecce
51%
Empoli
49%
Monza
49%
Cagliari
43%
Parma
42%
Venezia
41%
Nie znaleziono quizów pasujących do podanych kryteriów
Rozkład punktacji
Procent ludzi z każdym wynikiem
Percentyl według liczby udzielonych odpowiedzi
Twoja historia wyników
Nie rozwiązałeś tego quizu od ostatniego zresetowania